The myth of simplicity ; problems of scientific philosophy.

Bibliographic Details
Main Author: Bunge, Mario, 1919-2020
Format: Book
Language:English
Published: Englewood Cliffs, N.J. : Prentice-Hall, 1963.
Subjects:

MARC

Tag First Indicator Second Indicator Subfields
LEADER 00000cam a2200000 4500
001 in00000061071
005 20200725063334.0
008 720504s1963 eng u
010 |a  63008287  
035 |a (OCoLC)00301249 
035 |9 AAG5543AM 
040 |c WIT  |d TXA  |d UtOrBLW 
049 |a TXAM  |c [366950] 
090 |a BD241  |b .B85 
092 |a 112  |b B942m 
100 1 |a Bunge, Mario,  |d 1919-2020. 
245 1 4 |a The myth of simplicity ;  |b problems of scientific philosophy. 
264 1 |a Englewood Cliffs, N.J. :  |b Prentice-Hall,  |c 1963. 
300 |a 239 pages ;  |c 22 cm. 
336 |a text  |b txt  |2 rdacontent 
337 |a unmediated  |b n  |2 rdamedia 
338 |a volume  |b nc  |2 rdacarrier 
650 0 |a Methodology. 
650 0 |a Science  |x Methodology. 
740 0 |a Simplicity. 
999 |a MARS 
999 f f |s e80ed527-0534-375b-849f-9a2d42663848  |i 1fc2b30d-4264-3f8d-8a7a-558a789a3704  |t 0 
952 f f |p ric  |a Texas A&M University  |b Rellis Campus  |c Joint Library Facility  |d Remote Storage  |t 0  |e BD241 .B85  |h Library of Congress classification  |i unmediated -- volume  |m A14800507009 
998 f f |a BD241 .B85  |t 0  |l Remote Storage